Intersecciones : perspectivas políticas y estéticas para la paz /
Αποθηκεύτηκε σε:
| Άλλοι συγγραφείς: | , , , |
|---|---|
| Μορφή: | Ηλεκτρονική πηγή Ηλ. βιβλίο |
| Γλώσσα: | Ισπανικά |
| Έκδοση: |
Bogotá :
Ediciones Universidad Cooperativa de Colombia,
[2018]
|
| Σειρά: | Colección general de investigación.
|
| Θέματα: | |
| Διαθέσιμο Online: | Digitalia Hispánica |
| Ετικέτες: |
Προσθήκη ετικέτας
Δεν υπάρχουν, Καταχωρήστε ετικέτα πρώτοι!
|
MARC
| LEADER | 00000nam a2200000Ii 4500 | ||
|---|---|---|---|
| 001 | DIGUCOCOL0046 | ||
| 003 | NyNyDIG | ||
| 008 | 230622s2018 ck a ob 000 0 spa d | ||
| 006 | m o d | ||
| 007 | cr ||||||||||| | ||
| 035 | |a (OCoLC)1386279706 | ||
| 040 | |a DGITA |b eng |e rda |e pn |c DGITA | ||
| 020 | |a 9789587601145 |q digital | ||
| 020 | |z 9789587601138 |q impreso | ||
| 043 | |a s-ck--- | ||
| 050 | 1 | 4 | |a JX1963 ebook |
| 245 | 0 | 0 | |a Intersecciones : |b perspectivas políticas y estéticas para la paz / |c Tania Bolaños, Diana Rey, María Alejandra Tapia, editoras ; Rodrigo Echeverri, curador. |
| 264 | 1 | |a Bogotá : |b Ediciones Universidad Cooperativa de Colombia, |c [2018] | |
| 300 | |a 1 online resource : |b illustrations. | ||
| 336 | |a text |b txt |2 rdacontent | ||
| 337 | |a computer |b c |2 rdamedia | ||
| 338 | |a online resource |b cr |2 rdacarrier | ||
| 347 | |a text file |2 rdaft | ||
| 347 | |b PDF | ||
| 490 | 1 | |a Colección general de investigación | |
| 504 | |a Includes bibliographical references. | ||
| 588 | 0 | |a Online resource; title from PDF title page (Digitalia, viewed June 20, 2023) | |
| 650 | 0 | |a Peace |x Politics and government |z Colombia. | |
| 700 | 1 | |a Bolaños Enriquez, Tania Gicela, |d 1978- |e editor. | |
| 700 | 1 | |a Rey Lema, Diana María, |e editor. | |
| 700 | 1 | |a Tapia Millán, María Alejandra, |e editor. | |
| 700 | 1 | |a Echeverri, Rodrigo. | |
| 776 | 0 | 8 | |i Print version: |t Intersecciones : perspectivas políticas y estéticas para la paz. |d Bogotá : Ediciones Universidad Cooperativa de Colombia, [2018] |z 9789587601138 |
| 791 | 2 | |a Digitalia (Firm), |e distributor. | |
| 793 | 0 | |g Digitalia eBook Collection: |a Ediciones Universidad Cooperativa de Colombia | |
| 830 | 0 | |a Colección general de investigación. | |
| 856 | 4 | 0 | |3 Digitalia Hispánica |u https://digitalia.unach.elogim.com/a/127105/ |
| 910 | |a Premium collection: 2023 | ||